| 000 | 00443 a2200193 4500 | ||
|---|---|---|---|
| 260 | _bLandbouwuniversiteit | ||
| 245 | _aFlavour release from dried vegetables | ||
| 300 | _a227p. | ||
| 260 | _aWageningen | ||
| 260 | _c1995 | ||
| 300 | _bcouv. ill. en coul. | ||
| 130 | _lEn | ||
| 100 | _aVan RUTH, Saskia M. | ||
| 690 | _aFLAVOUR RELEASE | ||
| 690 | _aDRIED VEGETABLES | ||
| 020 | _a90-5485-485-5 | ||
| 999 |
_c27862 _d27862 |
||